[Event "Vlissingen HZ op 02nd"]
[Site "Vlissingen"]
[Date "1998.07.17"]
[Round "7"]
[White "Mikhalevski, Victor"]
[Black "Davies, Nigel Rodney"]
[Result "1-0"]
[WhiteElo "2540"]
[BlackElo "2530"]
[Annotator "Mikhalevski,V"]
[PlyCount "85"]
[EventDate "1998.07.??"]
[EventType "swiss"]
[EventRounds "7"]
[EventCountry "NED"]
[SourceTitle "CBM 066"]
[Source "ChessBase"]
[SourceDate "1998.09.30"]
[SourceVersion "1"]
[SourceVersionDate "1998.09.30"]
[SourceQuality "1"]

1. d4 d6 2. Nf3 g6 3. c4 Bg7 4. Nc3 Bg4 5. g3 Bxf3 (5... Qc8 6. Bg2 Bh3 (6...
Nh6 {Pomar-Petrosian,T(1970)}) 7. O-O Nf6 8. e4 O-O 9. Bxh3 (9. e5 $5 Bxg2 $1
10. Kxg2 (10. exf6 Bxf3 $1) 10... dxe5 11. dxe5 Nfd7 12. Qe2 $1 $14) 9... Qxh3
10. Ng5 (10. e5 dxe5 11. dxe5 Ng4 12. Nd5 Bxe5 $8 (12... Nc6 13. Nf4 Qh6 14. h4
$1 {/\Ne6+/-}) 13. Nxe7+ Kh8 $1 14. Re1 Bd6 15. b3 $36 (15. b4 $5)) 10... Qh5 (
10... Qc8 11. e5 $16) (10... Qd7 11. e5 Ne8 (11... dxe5 12. dxe5 Qxd1 13. Rxd1
Ng4 14. f4 $16) 12. f4 f6 13. exf6 exf6 14. Nf3 {/\d5+/-}) 11. Qxh5 (11. e5 $6
dxe5 12. dxe5 Ng4 13. h3 Nxe5) 11... Nxh5 12. Be3 Nc6 13. Rad1 $14 {1-0
Mikhalevski,V-Azmaiparashvili,Z/Eurocup(final) 1995 (39)}) 6. exf3 c6 (6... Nc6
{is another possibility.I think White should play} 7. d5 Nd4 8. Be3 c5 9. dxc6
Nxc6 {and White get comfortable advantage.}) (6... e6 $5 {[%cal Gg8e7,Gd6d5] /
\Ne7 and somewhere d5.}) 7. Bg2 Nf6 8. f4 O-O 9. O-O Nbd7 10. Be3 (10. Re1 Nb6
(10... e6 11. d5 exd5 12. cxd5 c5 13. a4 (13. f5 Re8 14. Bf4 Rxe1+ 15. Qxe1 Qb6
16. fxg6 hxg6 17. Qd2 $14 {1-0 Schuh,H-Kurz,E/BL2-SW 1991 (34)}) 13... a6 14.
Qd3 $5 (14. a5 b5 15. axb6 Nxb6 16. Bf1 Qc8 17. Qb3 Rb8 18. Bxa6 Qf5 $36 {
1/2-1/2 Antoshin,V-Simagin,V/Sochi 1967 (30)})) 11. b3 d5 12. Ba3 Re8 13. Qd3
$14 {Giustolisi,A-Trifunovic,P/Dubrovnik olm 1950/0-1 (70)}) (10. d5 $5 Qc7 (
10... Rc8 11. Be3 Qa5 12. Rc1 Nb6 13. dxc6 bxc6 14. b3 Rfd8 15. Re1 e6 16. Bd2
Qa6 17. Bf1 Qb7 $13 {Sokolov,I-Hickl,J/Nussloch 1996/1/2-1/2 (58)}) 11. Be3
Rfe8 12. Rc1 cxd5 13. cxd5 Qa5 14. Re1 Rec8 15. Bh3 $14 {1/2-1/2 Priehoda,
V-Novak,I/SVK-ch 1991 (40)}) (10. Rb1 Nb6 (10... e6 11. d5 exd5 12. cxd5 c5 13.
f5 Re8 14. Bg5 Qa5 15. Qd2 b5 16. fxg6 hxg6 17. Ne4 Qxd2 18. Nxd2 c4 $15 {
[%cal Gd7c5] 0-1 Ioseliani,N-Spiess,G/BL2-O9697 1996 (39)}) 11. b3 d5 12. c5
Nc8 13. Re1 e6 14. b4 a6 15. a4 $14 {Sosa,L-Rocha,S/WchJM U20 1992/0-1 (60)})
10... e6 11. d5 $1 exd5 12. cxd5 c5 13. f5 {It wasn't necessary to be in a
hurry with this move.} ({White could simply play} 13. Qd3 {/\Rab1 preparing a3
and then b4;/\Rfe1 and may be somewhere f5.}) 13... Re8 14. fxg6 hxg6 15. Qb3
Ng4 $2 (15... Qb6 $142 {was much stronger.}) 16. Bf4 Nge5 $6 {Black is trying
to justify his last move.} 17. Qxb7 $1 Nb6 {[%cal Ga7a6,Ge8e7] /\a6 and then
Re7 catching the queen.} 18. Qa6 $1 $16 {After this simple move everything has
become clear.White is a pawn up without any compensation.} g5 $6 {[%csl Rf5]
weaken white squares.} (18... Nec4 $142 $5 {trying to complicate the position.}
19. Rae1 $1 Rxe1 20. Rxe1 Nxb2 21. Ne4 $1 $16) 19. Bxe5 (19. Bxg5 $5 Qxg5 20.
f4) 19... Rxe5 (19... Bxe5 20. Qd3 $1 {[%csl Rf5]}) 20. Rae1 Qe7 21. Rxe5 Bxe5
22. a4 $1 {[%csl Ra7,Rb6][%cal Ga4a5]} Rf8 23. a5 Nc8 24. Bh3 {[%csl Rc8,Rf5]}
Qd8 25. Ne4 $1 $18 (25. Bxc8 Qxc8 26. Qxa7 {is good enough to win the game,but
25.Ne4 looks stronger.}) 25... g4 {is refuted by} (25... f5 26. Nxc5 $1 dxc5
27. Qe6+) (25... Ne7 26. Nxg5 Nxd5 27. Nf3 $1 $18) 26. Bxg4 $1 f5 27. Nxc5 $1
fxg4 (27... dxc5 28. Qe6+ Rf7 (28... Kh7 29. Bxf5+) 29. Bh5 $1) 28. Ne6 Qd7 29.
Rc1 $1 {Knight on e6 is much stronger than Black's rook!} Re8 30. Rc7 (30. b3
$3 Qh7 31. Qxc8 $1 $18 (31. Rxc8 $4 Qb1+ 32. Kg2 Qe4+ $11)) 30... Qa4 31. Qd3
$1 Ne7 32. Rc4 (32. Ng5 Kf8 $1 33. Ne6+ Kg8 34. Rc4) 32... Qa1+ 33. Kg2 Bf6 34.
Rxg4+ Kh8 35. Qf3 (35. Rh4+ $142 $1 Bxh4 36. Qd4+) 35... Qxb2 36. Rf4 (36. Rd4
$142 $1 {[%cal Gf3h5,Gf3f6]}) 36... Qe5 37. Rxf6 Qxd5 38. Nc7 $1 Qxf3+ 39. Kxf3
Rc8 40. Nb5 Rc5 41. Nxd6 Rxa5 42. Rf8+ Ng8 43. Nf5 $1 1-0

[Event "Olympiad-31"]
[Site "Moscow"]
[Date "1994.12.08"]
[Round "7.4"]
[White "Milov, Vadim"]
[Black "Zhuravlev, Valery Ivanovich"]
[Result "1-0"]
[WhiteElo "2590"]
[BlackElo "2465"]
[Annotator "Moiseev,V"]
[PlyCount "87"]
[EventDate "1994.12.01"]
[EventType "team-swiss"]
[EventRounds "14"]
[EventCountry "RUS"]
[SourceTitle "CBM 045"]
[Source "ChessBase"]
[SourceDate "1995.04.01"]
[SourceVersion "1"]
[SourceVersionDate "1995.04.01"]
[SourceQuality "1"]
[WhiteTeam "Israel"]
[BlackTeam "Latvia"]
[WhiteTeamCountry "ISR"]
[BlackTeamCountry "LAT"]

1. d4 Nf6 2. c4 d6 3. Nf3 Bg4 4. g3 (4. Nc3) (4. Qb3) 4... Bxf3 (4... Nbd7 5.
Bg2 e5 6. Nc3 c6 7. O-O Be7 8. h3 Bxf3 (8... Bh5 9. c5 $5 {Polgar}) 9. exf3 {
Polgar,Zsu-Ljubojevic,L/Bilbao/1987/1:0/46/Inf 43/65/} (9. Bxf3 $14) 9... O-O
10. b3 Re8 $10 {Polgar}) 5. exf3 c6 (5... Nbd7 $5) 6. d5 g6 7. Nc3 Bg7 8. Bh3
$1 O-O 9. O-O Nbd7 10. Re1 $14 Re8 11. f4 Nb6 12. Qd3 Nfd7 13. dxc6 bxc6 14.
Be3 Nc5 15. Qe2 Nba4 $6 (15... a5 $5) 16. Nd1 $1 Rb8 17. Rb1 a5 18. Qc2 e6 19.
Bd2 $1 {/\ 20 b3} Ra8 20. Ne3 h5 $6 (20... Qc7) 21. Bg2 Qc7 22. a3 $16 Ra7 $6 (
22... Nb6 $142 23. b4 axb4 24. axb4 Nb7) 23. b3 Nb6 24. f5 $1 Kh7 (24... gxf5
$2 25. Nxf5 $18) (24... exf5 25. Nxf5 $1 Rxe1+ 26. Rxe1 gxf5 27. Re8+ Bf8 28.
Qxf5 Ra8 (28... Ne6 29. Be4 $18) (28... f6 29. Qg6+ Qg7 30. Rxf8+ $1 Kxf8 31.
Bh6 $18) 29. Qg5+ Kh7 30. Qxh5+ Kg8 31. Qg5+ Kh7 32. Rxa8 Nxa8 33. b4 axb4 34.
axb4 Ne6 35. Be4+ $18) 25. Bf3 $1 e5 26. b4 axb4 27. axb4 Ncd7 28. Be4 $5 (28.
fxg6+ fxg6 29. Bxh5 e4 30. Be2 $16) 28... Nf8 29. fxg6+ fxg6 30. Qd1 $1 {
/\ 30 Qh5} Kg8 31. Qf3 Rc8 32. b5 Ra2 (32... cxb5 33. Nd5 Nxd5 34. Bxd5+ Kh8
35. cxb5 $18) 33. Red1 c5 34. Ra1 Rxa1 35. Rxa1 Rb8 36. Ra6 Qf7 37. Ba5 $18
Qxf3 38. Bxf3 Nfd7 39. Bc6 Bf8 40. Nd5 Nxd5 41. Bxd5+ Kh8 42. Bc7 Rc8 43. b6
Kg7 44. Be6 1-0

[Event "GER-ARM"]
[Site "Baden-Baden"]
[Date "1996.??.??"]
[Round "2"]
[White "Hertneck, Gerald"]
[Black "Minasian, Artashes"]
[Result "1-0"]
[WhiteElo "2565"]
[BlackElo "2540"]
[Annotator "Mowsziszian,K"]
[PlyCount "77"]
[EventDate "1996.07.31"]
[EventType "match"]
[EventRounds "4"]
[EventCountry "GER"]
[SourceTitle "CBM 055"]
[Source "ChessBase"]
[SourceDate "1996.12.01"]
[SourceVersion "1"]
[SourceVersionDate "1996.12.01"]
[SourceQuality "1"]
[WhiteTeam "Germany"]
[BlackTeam "Armenia"]
[WhiteTeamCountry "GER"]
[BlackTeamCountry "ARM"]

1. d4 d6 2. Nf3 Bg4 3. g3 Bxf3 4. exf3 d5 5. c4 (5. Bd3 e6 6. O-O g6 7. c3 Bg7
8. Qb3 b6 9. a4 a6 10. Re1 Ne7 11. Bg5 Nd7 12. c4 Nf6 13. Nc3 O-O 14. cxd5
Nexd5 15. Be4 c6 16. Rac1 h6 17. Bd2 a5 18. Ne2 Qd6 19. Rc4 Rac8 {1/2-1/2
Ftacnik,L-Hodgson,J/BL 9495 (1994) ;BL 90 1995 (26)}) (5. f4 e6 6. Bg2 c6 (6...
g6 7. Nd2 Bg7 8. Nf3 Ne7 9. O-O O-O 10. Ne5 c6 11. b3 Na6 12. Bb2 Qa5 13. Qe2
Rad8 14. c4 Nc7 15. Rfd1 Ne8 16. a4 Nf6 17. b4 {1-0 Lerner,K-Radulov,I/Palma
de Mallorca GMA (09) ;TD 89\13 1989 (34)}) 7. O-O Bd6 8. b3 Ne7 9. c4 Nf5 10.
Bb2 Be7 11. Nd2 O-O 12. Nf3 a5 13. Ne5 Na6 14. Re1 Re8 15. c5 Bf6 16. Bf1 Bxe5
17. fxe5 b6 18. Rc1 a4 19. bxa4 bxc5 20. dxc5 Qa5 {1/2-1/2 Eingorn,V-Watson,W/
Reykjavik ;CBM 13 1989 (42)}) 5... c6 6. Nc3 e6 7. Qb3 (7. f4 Nf6 8. Qb3 Qc7 9.
f5 exf5 10. cxd5 Qb6 11. Qc2 Be7 12. Bg2 O-O 13. O-O cxd5 14. Qxf5 Nc6 15. Be3
Rad8 16. Rab1 Nxd4 17. Qd3 Nf3+ 18. Bxf3 d4 19. Bg5 dxc3 20. Qxc3 Ne4 {1/2-1/2
Bany,J-Woda,J/POL-ch Warszawa (02) ;EXT 90ch 1990}) 7... Qd7 $6 {Nachher wird
Schwarz Probleme mit den Figuren am Königsflügel bekommen.} (7... Qb6 $142) 8.
Bg2 g6 $6 (8... dxc4 $142 9. Qxc4 Be7 10. O-O Nf6 {/\0-0 und Schwarz hat die
bessere Bauernstruktur.}) 9. Bf4 Bg7 (9... dxc4 10. Qxc4 Bg7 11. Ne4 Qxd4 12.
Qxd4 Bxd4 13. O-O-O $13) 10. cxd5 $1 {zwingt Schwarz, mit dem e-Bauern zu
schlagen, und ermöglicht den Vorstoß f3-f4-f5} exd5 (10... cxd5 11. Nb5 Na6 12.
Nd6+ Kf8 13. Nxb7 Bxd4 $2 14. Qa3+ $18) 11. O-O Ne7 12. Bh3 $1 f5 (12... Qxh3
13. Qxb7) 13. Rfe1 $16 {><e5} O-O 14. Rad1 Rf7 15. Bf1 (15. Be5 Bf8) 15... Nc8
16. Na4 b6 17. h4 Bf8 18. Be5 Nd6 19. Qc2 Nb7 20. f4 {/\h5} h5 21. Nc3 Nd6 22.
Kh2 b5 (22... Ne4 23. f3) 23. a4 a6 24. b3 Ra7 25. Na2 $1 Rb7 {Die Schwarze
Stellung ist so schlecht, daß selbst ein solch findiger Schachspieler wie
Minasian nichts ausrichten kann.} 26. Nc1 a5 27. Nd3 Na6 28. Nc5 Nxc5 29. dxc5
Ne4 30. axb5 Nxc5 31. bxc6 Qxc6 32. Bg2 Rfd7 33. Rxd5 $1 Rxd5 34. Rd1 Rbd7 35.
Rxd5 Rxd5 36. Qc4 Kh7 37. Bxd5 Qd7 38. Bc3 Qd6 39. Qd4 1-0

[Event "Weilburg NBG op"]
[Site "Weilburg"]
[Date "1996.??.??"]
[Round "6"]
[White "Bagirov, Vladimir"]
[Black "Movsziszian, Karen"]
[Result "1-0"]
[WhiteElo "2505"]
[BlackElo "2470"]
[Annotator "Mowsziszian,K"]
[PlyCount "31"]
[EventDate "1996.??.??"]
[EventType "swiss"]
[EventRounds "9"]
[EventCountry "GER"]
[SourceTitle "EXT 1997"]
[Source "ChessBase"]
[SourceDate "1996.11.15"]
[SourceVersion "1"]
[SourceVersionDate "1996.11.15"]
[SourceQuality "1"]

1. Nf3 g6 2. d4 Bg7 3. c4 d6 4. Nc3 Bg4 5. g3 Bxf3 6. exf3 c6 7. Be3 Nf6 8. Be2
(8. Qb3 Qc7 9. Be2 Nbd7 10. O-O O-O 11. f4 e6 12. Rac1 Qb6 13. Qc2 d5 14. c5
Qc7 15. b4 Kh8 16. h4 h5 17. b5 Ng8 18. Rb1 Nh6 19. Bd3 Nf5 20. Bxf5 exf5 {
1/2-1/2 Sakaev,K-Donchev,D/Elenite-B (01) ;EXP 43 1994 (28)}) 8... O-O 9. O-O
d5 10. Qb3 b6 (10... Qb6 $142 11. c5 Qxb3 12. axb3 Nbd7 $10 (12... Nfd7 {
/\e7-e5} 13. f4 Nxc5 $2 14. dxc5 d4 15. Na4 dxe3 16. Nb6 $16)) 11. Rfd1 e6 12.
Rac1 Ne8 13. a3 Nd6 $4 (13... dxc4 14. Qxc4 Nd6 15. Qa4 Nf5 $10) 14. cxd5 $1
exd5 15. Nxd5 $18 Nf5 (15... cxd5 16. Qxd5) 16. Nb4 1-0

[Event "Rohde op 08th"]
[Site "Sautron"]
[Date "2008.10.31"]
[Round "8"]
[White "Rombaldoni, Denis"]
[Black "Gagunashvili, Merab"]
[Result "0-1"]
[WhiteElo "2436"]
[BlackElo "2576"]
[Annotator "Primel,D"]
[PlyCount "86"]
[EventDate "2008.10.25"]
[EventType "swiss"]
[EventRounds "9"]
[EventCountry "FRA"]
[SourceTitle "EXT 2009"]
[Source "ChessBase"]
[SourceDate "2008.11.26"]
[SourceVersion "1"]
[SourceVersionDate "2008.11.26"]
[SourceQuality "1"]

1. d4 d6 2. Nf3 Bg4 3. e4 Nd7 (3... Nf6 {L'ordre de coups le plus courant} 4.
Nc3 c6 5. h3 Bh5 6. g4 Bg6 7. Qe2 {[%csl Re4]} e6 8. h4 $1 h5 9. g5 Nfd7 10.
Bh3 $14 {Primel,D (2056)-Carvallo,H (2169) FRA-chT2 West 0607 2006 (1.4) 1/2})
4. h3 $1 Bh5 5. Nc3 e5 6. Be2 (6. g4 {moins bon lorsque les noirs n'ont pas
joué Nf6} Bg6 7. h4 h5 8. g5 f6 $5) 6... Ngf6 7. Be3 Be7 8. g4 $146 (8. O-O {
Demina,J (2405)-Ionov,S (2510) Moscow7 op 1991 1/2}) 8... Bg6 9. Nd2 c6 10. g5
Ng8 11. h4 h6 $1 $13 12. dxe5 dxe5 13. gxh6 Nxh6 14. h5 $1 Bh7 {[%csl Rh7]} 15.
Rg1 $14 Rg8 (15... f5 $5) 16. Nf3 {[%csl Gg5]} Bc5 17. Qd2 Bxe3 18. Qxe3 Qb6
19. Qxb6 axb6 20. O-O-O $14 b5 21. Ng5 $1 Rh8 22. Nxb5 $5 (22. a3) 22... cxb5
23. Bxb5 O-O-O 24. Nxh7 Rxh7 25. Rg3 $1 {[%csl Rd7][%cal Gg3c3]} Nb8 $1 {
Le GMI se défend avec sang-froid en rendant du matériel} 26. Rc3+ Nc6 $1 27.
Rxd8+ (27. Rd5 $5) 27... Kxd8 28. Bxc6 bxc6 29. Rxc6 Ng8 {Début d'une finale
intéressante, la majorité blanche а l'aile-dame semble forte mais ellle n'a
pas encore été mobilisée et pour l'instant la pièce supplémentaire donne un
léger avantage aux noirs.} (29... Ng4) 30. a4 (30. b4 Rxh5 31. a4 Ne7 32. Rc5
Rh4 33. f3 Rh3 34. b5 $1 Rxf3 35. a5 (35. b6 Rf6 36. a5 Nc6 37. a6 Kc8)) 30...
Rxh5 31. a5 (31. b4 Ne7 32. Rc5 Kd7 33. a5 Rh1+ 34. Kb2 Nc6 35. c3 Rh2 36. a6
Rxf2+ 37. Kb3 Rf1 38. b5 Na7 39. Rxe5 Rb1+ 40. Kc4 f6 41. Rd5+) 31... Rh1+ 32.
Kd2 Nf6 33. f3 Ne8 34. b4 Ra1 35. c4 Nc7 36. Kc2 (36. b5 Kd7 (36... Rxa5 37. b6
) 37. a6 Ra3 38. Rb6 Kc8 39. Kc2 Na8 40. Rc6+ (40. Rb7)) 36... Kd7 37. Rb6 Ra3
38. Kb2 Rxf3 39. b5 Rh3 40. a6 (40. Rb7 Kc8 41. Ra7 (41. a6) 41... Kb8 42. b6
Ne6 43. Rxf7) 40... Rh6 $1 41. Rb7 Kc8 42. Kc3 g5 $15 43. Kb4 $4 Rxa6 $1 0-1

[Event "ESP-chT CECLUB Honor"]
[Site "Melilla"]
[Date "2011.11.26"]
[Round "7"]
[White "Ubilava, Elizbar"]
[Black "Ibarra Jerez, Jose Carlos"]
[Result "0-1"]
[WhiteElo "2527"]
[BlackElo "2515"]
[Annotator "RR"]
[PlyCount "112"]
[EventDate "2011.11.21"]
[EventType "team-tourn"]
[EventRounds "7"]
[EventCountry "ESP"]
[SourceTitle "CBM 146"]
[Source "ChessBase"]
[SourceDate "2012.01.18"]
[SourceVersion "1"]
[SourceVersionDate "2012.01.18"]
[SourceQuality "1"]
[WhiteTeam "Solvay"]
[BlackTeam "Reverte Albox"]
[WhiteTeamCountry "ESP"]
[BlackTeamCountry "ESP"]

1. d4 d6 2. Nf3 Bg4 3. c4 Nd7 4. e4 Bxf3 5. Qxf3 g6 6. Qd1 Bg7 7. Nc3 c5 8. d5
Bxc3+ 9. bxc3 Qa5 10. Bd2 Ngf6 11. f3 O-O-O 12. Qb3 Rdg8 13. Rb1 Qc7 14. Qa4
Kb8 15. Be2 g5 16. Kf2 g4 17. Qc6 Ne5 18. Qxc7+ Kxc7 19. Rbe1 gxf3 20. gxf3 Rg6
21. Reg1 Rhg8 22. Rxg6 Rxg6 23. h4 Nfd7 24. h5 Rg8 25. f4 Ng4+ 26. Kf3 f5 27.
exf5 Nh6 28. Bd3 Nf6 29. Be1 Rg7 30. Bh4 Nhg8 31. h6 Rf7 32. Bg5 Rf8 33. Rg1
Kd8 34. Rb1 Kc7 35. Bc2 Rf7 36. Ba4 Rf8 37. Rg1 Kd8 38. Rg2 Kc7 39. Ke3 Kd8 40.
Bc2 Rf7 41. Kf3 Rf8 42. Kg3 Rf7 43. Kh4 Rf8 44. Rg1 Kc7 45. Re1 Kd8 46. Bd1 Kd7
47. Re6 Rf7 48. Bf3 Rf8 49. Bh5 Kd8 50. Bg6 $5 Kd7 51. Bxf6 Nxf6 52. Kg5 Kd8
53. Bxh7 Nxh7+ 54. Kg6 Nf6 55. Kg7 Ke8 56. h7 $2 (56. Rxf6 Rxf6 57. h7 $11)
56... Rf7+ $19 0-1

[Event "Vaujany op 5th"]
[Site "Vaujany"]
[Date "2014.07.17"]
[Round "8.3"]
[White "Filip, Lucian"]
[Black "Istratescu, Andrei"]
[Result "0-1"]
[WhiteElo "2461"]
[BlackElo "2670"]
[Annotator "RR"]
[PlyCount "102"]
[EventDate "2014.07.10"]
[EventType "swiss"]
[EventRounds "9"]
[EventCountry "FRA"]
[SourceTitle "EXT 2017"]
[Source "ChessBase"]
[SourceDate "2016.10.25"]
[SourceVersion "1"]
[SourceVersionDate "2016.10.25"]
[SourceQuality "1"]

1. Nf3 d6 2. d4 Bg4 3. c4 (3. e4 {L'alternative}) 3... Nd7 4. e4 (4. Nc3) (4.
Qb3 Rb8 5. h3 Bxf3 6. Qxf3 $14) 4... g6 (4... e5 5. Be2 Ngf6 6. Nc3 Be7 7. O-O
c6 8. Be3 O-O 9. Ne1 Bxe2 10. Qxe2 exd4 11. Bxd4 Re8 12. Qc2 Bf8 13. Rd1 Qc7
14. f3 a6 15. Bf2 Rac8 16. Qd2 b5 17. cxb5 axb5 18. Nc2 Ne5 19. Ne3 Qb7 20. b3
Ng6 21. Nf5 b4 22. Na4 d5 23. Bd4 dxe4 24. Bxf6 gxf6 25. fxe4 Rxe4 26. Kh1 c5
27. Nb2 Rce8 28. Ng3 Rd4 29. Qf2 Rf4 30. Qc2 Re5 31. Nc4 Rd5 32. Rde1 h5 33.
Rxf4 Nxf4 34. Rf1 {Jakovenko,D (2721)-Pridorozhni,A (2517) Khanty-Mansiysk
2013 1/2-1/2}) (4... Bxf3 $5 5. Qxf3 g6) 5. Be2 e5 6. Nc3 Bg7 7. Be3 Ne7 $1 8.
d5 Bxf3 9. Bxf3 h5 $146 (9... f5 10. Rc1 O-O 11. b4 b6 12. O-O f4 13. Bd2 g5
14. Bg4 Kh8 15. f3 Ng8 16. c5 Ngf6 17. cxd6 cxd6 18. Be6 a6 19. Be1 b5 20. Bf2
Ne8 21. a4 bxa4 22. Qxa4 Nb6 23. Qc6 Rb8 24. Ra1 Na8 25. Rfb1 Nec7 26. Bg4 Qe7
27. b5 Nxb5 28. Nxb5 axb5 29. Ra7 Qe8 30. Qxe8 Rfxe8 31. Bd7 Red8 32. Rxb5 Rxb5
33. Bxb5 Rb8 34. h3 Bf6 35. Bd7 Nb6 36. Bf5 Nc4 37. Rxh7+ Kg8 38. Rd7 Rb1+ 39.
Kh2 {Baron,M (2264)-Partsi,D (2069) Melbourne 2001 1/2-1/2}) 10. Qd2 Ng8 $5 {
[%cal Gg7h6]} 11. Bg5 $6 {Une perte de temps et le Nc3 peut difficlement
exploiter l'affaiblissement de la case "e6"} f6 12. Be3 Bh6 $11 13. O-O-O Bxe3
14. Qxe3 Nh6 15. Be2 a5 16. Na4 b6 17. Nc3 Qe7 18. Nb5 Nc5 19. Rdf1 f5 20. exf5
Nxf5 {[%csl Gd4]} 21. Qd2 O-O 22. Bd3 Nh4 23. Bc2 Rf4 24. g3 Nf3 25. Qe3 Rf6
26. Nc3 Raf8 $15 27. Ne4 Nxe4 28. Bxe4 Kg7 29. Rd1 Qd7 30. Kb1 h4 31. h3 $6 Qa4
(31... hxg3 32. fxg3) 32. Rc1 Qb4 33. Rc3 Qc5 34. Bxf3 $6 {Les R Blanches
seront mal coordonnées pour lutter contre la Q active} Rxf3 35. Qxf3 Rxf3 36.
Rxf3 Qxc4 37. Rd1 Qe2 $17 38. Rfd3 Qxf2 $19 39. gxh4 e4 40. R3d2 Qxh4 41. Rc2
Qxh3 42. Rxc7+ Kf6 43. Rc6 Ke5 44. Rc7 Qh4 45. Rc8 Qe7 46. Rc3 g5 47. Rg3 Kf4
$1 48. Rdg1 e3 49. Rg4+ Kf5 50. R4g2 Qe4+ 51. Kc1 g4 0-1

[Event "Cappelle op 31st"]
[Site "Cappelle la Grande"]
[Date "2015.03.04"]
[Round "6"]
[White "Li, Chao B"]
[Black "Onischuk, Vladimir"]
[Result "1-0"]
[WhiteElo "2728"]
[BlackElo "2629"]
[Annotator "RR"]
[PlyCount "151"]
[EventDate "2015.02.28"]
[EventType "swiss"]
[EventRounds "9"]
[EventCountry "FRA"]
[SourceTitle "EXT 2016"]
[Source "ChessBase"]
[SourceDate "2015.10.08"]
[SourceVersion "1"]
[SourceVersionDate "2015.10.08"]
[SourceQuality "1"]

1. d4 d6 2. Nf3 g6 3. c4 Bg7 4. Nc3 Nc6 5. d5 Ne5 6. Nxe5 Bxe5 7. e4 Nf6 (7...
Bg7 {Plus naturel mais les Noirs veulent économiser un tempo}) 8. Bd3 O-O 9.
O-O (9. Ne2 Nd7 10. O-O Nc5 11. Bc2 c6 12. Rb1 a5 13. Bh6 Re8 14. f4 Bh8 15. f5
Nd7 16. Nf4 Ne5 17. b3 e6 18. Nd3 exf5 19. exf5 Bxf5 20. Nxe5 Bxc2 21. Qxc2
Bxe5 22. Qf2 f5 23. dxc6 bxc6 24. Qf3 Qh4 25. Bf4 Bxf4 26. Qxf4 Qxf4 27. Rxf4
Re2 28. Rf2 Rae8 29. Kf1 Rxf2+ 30. Kxf2 Kf7 31. Rd1 Ke6 32. Kf3 Kd7 33. Rd4 c5
34. Rd3 g5 35. Kf2 h5 36. Rd5 Re5 37. Rd3 Re4 38. a4 Ke6 {Kovalenko,I (2656)
-Onischuk,V (2629) Lutsk 2015 0-1}) 9... c6 10. h3 (10. Bg5 Re8 11. Qd2) 10...
cxd5 (10... e6 11. Bh6 Re8 12. Qd2 {Antic,D (2487)-Antoniewski,R (2586)
GRE-chT 39th 2011 (3.3) 1/2}) 11. exd5 e6 12. Bg5 exd5 13. Nxd5 $14 Be6 14. Be4
Bxd5 15. Bxd5 $14 {Les Blancs ont la paire de B et après Qd2, le Be5 sera
exposé à la menace f4} Qb6 16. Rb1 Rac8 17. b3 (17. Qd2) 17... Nxd5 18. Qxd5
Rc5 19. Qd2 Bc3 $1 20. Qe3 Bd4 21. Qxd4 Rxg5 22. Rbd1 {Malgré la
simplification, les Noirs n'ont toujours pas égalisé} Rd8 23. Qxb6 axb6 24.
f4 $1 Rc5 25. a4 $1 Kf8 26. Rd4 (26. Rfe1 $16 {[%cal Gg1f2]}) 26... Ke7 27.
Re1+ Kd7 28. Kf2 (28. g4) 28... f5 29. Kf3 Rf8 {Les Noirs vont souffrir dans
cette finale sans contre-jeu} 30. Rd3 Rcc8 31. Rde3 Rf7 32. Re6 $36 Rg8 {
Un cas d'école de domination des R Blanches sur des R Noires mal placées} 33.
R1e2 (33. R1e3 $5 {[%cal Gf3e2,Ge2d3,Gd3d4]}) 33... Rd8 34. R2e3 Rg8 35. Re2
Rd8 36. Kg3 $1 Rg8 37. Kh4 h6 $8 38. Kg3 Rfg7 39. Kf3 g5 {Les Noirs tentent de
trouver un peu de contre-jeu mais un P est un P} 40. Rxh6 gxf4 41. Rd2 (41.
Kxf4 $143 Rxg2 42. Rxg2 Rxg2 43. Kxf5 Rg3) 41... Kc7 42. Rhxd6 Rg3+ 43. Kxf4
Rxb3 44. Rd7+ Kc8 45. Rf7 Rc3 46. Kxf5 Rxc4 47. g4 $40 Rc5+ 48. Kf4 Rc4+ 49.
Kg3 Rxa4 50. Rdf2 b5 51. R7f5 b4 52. g5 (52. Rb5) 52... b3 53. Rb5 $1 Rc4 54.
Rf4 (54. h4 Rh8 55. g6 Rcxh4 56. g7 Rh3+ 57. Kf4) 54... Rc3+ 55. Rf3 Rc1 56. h4
Rh8 57. Rf4 (57. Rbxb3 Rg1+) 57... Rb1 58. Kg2 Rb2+ 59. Kh3 Rb1 60. g6 $18 Rh1+
61. Kg2 R8xh4 62. g7 R1h2+ 63. Kf3 R4h3+ 64. Kg4 Rh4+ 65. Kg5 Rh5+ 66. Kf6 Rh6+
67. Kf7 Rh7 68. Kf8 Rd2 69. Rg4 Rd8+ 70. Kf7 Rd7+ 71. Kf6 Rh6+ 72. Ke5 Rh5+ 73.
Ke6 Rh6+ 74. Kf5 Rf7+ 75. Ke4 Re7+ 76. Re5 1-0